[Event "26th Reggio Emilia it"]
[Site "Reggio Emilia ITA"]
[Date "1983.12.27"]
[Round "1"]
[White "Formanek, Edward W"]
[Black "Mokry, Karel"]
[Result "0-1"]
[WhiteElo "2320"]
[BlackElo "2435"]
[EventDate "1983.12.27"]
[PlyCount "108"]

1.d4 Nf6 2.c4 e6 3.Nc3 Bb4 4.f3 c5 5.d5 Nh5 6.g3 Bxc3+ 7.bxc3 f5 8.dxe6 
dxe6 9.Qxd8+ Kxd8 10.Nh3 Nc6 11.e4 fxe4 12.Ng5 Kc7 13.Nxe4 b6 14.Be2 Nf6 
15.O-O Ba6 16.Ng5 Rhe8 17.f4 h6 18.Nf7 Rf8 19.Ne5 Nxe5 20.fxe5 Ne4 21.Bf3 
Bxc4 22.Bxh6 Rxf3 23.Rxf3 gxh6 24.Rf4 Bd3 25.Rd1 Rd8 26.Rxd3 Rxd3 27.Rxe4 
Rxc3 28.Rh4 Ra3 29.g4 c4 30.g5 hxg5 31.Rxc4+ Kd7 32.Rd4+ Ke8 33.Rg4 Rxa2 
34.Rxg5 b5 35.Rg8+ Kf7 36.Rb8 Ra5 37.Kf2 Kg6 38.Ke3 Kf5 39.Kd4 Ra4+ 40.Kc5
a6 41.Kd6 Rd4+ 42.Ke7 Kxe5 43.Rb6 Ra4 44.Rxe6+ Kd5 45.Rh6 b4 46.h4 b3 47.
Rb6 Re4+ 48.Kf6 Rxh4 49.Rxb3 Kc4 50.Rb8 Rh5 51.Ke6 a5 52.Rg8 a4 53.Rg4+ 
Kb5 54.Rg3 Rc5 0-1

[Event "26th Reggio Emilia it"]
[Site "Reggio Emilia ITA"]
[Date "1983.12.27"]
[Round "1"]
[White "Zichichi, Alvise"]
[Black "Hulak, Krunoslav"]
[Result "0-1"]
[WhiteElo "2385"]
[BlackElo "2515"]
[EventDate "1983.12.27"]
[PlyCount "77"]

1.d4 Nf6 2.Nf3 c5 3.e3 g6 4.Be2 Bg7 5.O-O b6 6.c4 O-O 7.Nc3 d6 8.b3 Bb7 9.
Bb2 Na6 10.Qd2 cxd4 11.Nxd4 Nc5 12.f3 d5 13.Rfd1 dxc4 14.Bxc4 Qb8 15.b4 
Ncd7 16.Rac1 Rd8 17.Qf2 a6 18.Bf1 b5 19.Nb3 Ra7 20.Ba1 Ba8 21.Ne2 Rc7 22.
Rxc7 Qxc7 23.Nf4 e5 24.Nd3 e4 25.Rc1 Qd6 26.Ndc5 exf3 27.gxf3 Ne5 28.e4 
Nh5 29.f4 Ng4 30.e5 Qc6 31.Qg2 Qc8 32.Qh3 Nxf4 33.Qh4 Qc6 34.Qxg4 Qh1+ 35.
Kf2 Qxh2+ 36.Ke1 h5 37.Qg5 f6 38.exf6 Re8+ 39.Be5 0-1

[Event "26th Reggio Emilia it"]
[Site "Reggio Emilia ITA"]
[Date "1983.12.28"]
[Round "2"]
[White "Hulak, Krunoslav"]
[Black "Toth, Bela"]
[Result "1/2-1/2"]
[WhiteElo "2515"]
[BlackElo "2375"]
[EventDate "1983.12.27"]
[PlyCount "53"]

1.e4 e5 2.Nf3 Nf6 3.Nxe5 d6 4.Nf3 Nxe4 5.d4 d5 6.Bd3 Be7 7.O-O Nc6 8.Re1 
Bg4 9.c4 Nf6 10.cxd5 Nxd5 11.Nc3 O-O 12.Be4 Be6 13.Qd3 h6 14.Bh7+ Kh8 15.
Bf5 Ncb4 16.Qe4 Nf6 17.Qb1 Bxf5 18.Qxf5 Nbd5 19.Ne5 Kg8 20.Bd2 c6 21.Rad1 
Re8 22.a4 Qc8 23.Qf3 Bd6 24.Nxd5 Bxe5 25.dxe5 Nxd5 26.h3 Qc7 27.Bc3 
1/2-1/2

[Event "26th Reggio Emilia it"]
[Site "Reggio Emilia ITA"]
[Date "1983.12.28"]
[Round "2"]
[White "Vukic, Milan"]
[Black "Rogers, Ian"]
[Result "1/2-1/2"]
[WhiteElo "2465"]
[BlackElo "2390"]
[EventDate "1983.12.27"]
[PlyCount "56"]

1.d4 Nf6 2.c4 e5 3.dxe5 Ng4 4.Bf4 Nc6 5.Nf3 Bb4+ 6.Nc3 Bxc3+ 7.bxc3 Qe7 8.
Qd5 f6 9.exf6 Nxf6 10.Qd3 d6 11.e3 O-O 12.Be2 Ne4 13.Nd4 Nc5 14.Qd1 Ne5 
15.O-O Kh8 16.Rc1 Bd7 17.Qc2 Qf7 18.Bxe5 dxe5 19.Nf3 Qe7 20.Nd2 Bc6 21.Bf3
e4 22.Be2 Rf6 23.Nb3 Rh6 24.Nxc5 Qxc5 25.Rcd1 Qe5 26.h3 Qg5 27.Bg4 Rg6 28.
Qe2 Qa5 1/2-1/2

[Event "26th Reggio Emilia it"]
[Site "Reggio Emilia ITA"]
[Date "1983.12.29"]
[Round "3"]
[White "Rogers, Ian"]
[Black "Formanek, Edward W"]
[Result "1/2-1/2"]
[WhiteElo "2390"]
[BlackElo "2320"]
[EventDate "1983.12.27"]
[PlyCount "74"]

1.e4 e5 2.Nf3 Nc6 3.d4 exd4 4.Bc4 Nf6 5.e5 d5 6.Bb5 Ne4 7.Nxd4 Bd7 8.Bxc6 
bxc6 9.O-O Be7 10.f3 Nc5 11.f4 f5 12.b4 Ne4 13.e6 Bc8 14.Nxf5 Bf6 15.Nxg7+
Kf8 16.Nf5 Bxe6 17.Nd4 Bg4 18.Qd3 Bxd4+ 19.Qxd4 Rg8 20.Nd2 Bh3 21.Nxe4 
Rxg2+ 22.Kh1 dxe4 23.Qc3 Qh4 24.f5 e3 25.Qxe3 Rxc2 26.Rf4 Qf6 27.Rb1 Bg2+ 
28.Kg1 Re8 29.Qg3 Bd5 30.Kf1 Ree2 31.Be3 Rg2 32.Qh4 Qxh4 33.Rxh4 Rxh2 34.
Rxh2 Rxh2 35.Bxa7 Rxa2 36.Bd4 Kf7 37.Rb2 Rxb2 1/2-1/2

[Event "26th Reggio Emilia it"]
[Site "Reggio Emilia ITA"]
[Date "1983.12.29"]
[Round "3"]
[White "Zichichi, Alvise"]
[Black "Spassky, Boris"]
[Result "1-0"]
[WhiteElo "2385"]
[BlackElo "2605"]
[EventDate "1983.12.27"]
[PlyCount "73"]

1.d4 Nf6 2.Nf3 e6 3.c4 b6 4.a3 Bb7 5.Nc3 g6 6.d5 Bg7 7.e4 O-O 8.Be2 d6 9.
O-O Nbd7 10.Nd4 Nc5 11.f3 a5 12.Be3 a4 13.Ndb5 Qe7 14.Rb1 Rfd8 15.Bg5 h6 
16.Bh4 Ncd7 17.Qc2 c6 18.dxc6 Bxc6 19.Rbd1 Bxb5 20.Nxb5 Nc5 21.Nd4 Qb7 22.
Nb5 Qc6 23.Nd4 Qc7 24.Nb5 Qb8 25.Bg3 Bf8 26.Nc3 Qb7 27.Nb5 d5 28.cxd5 exd5
29.exd5 Nxd5 30.Bc4 Rac8 31.Nd6 Bxd6 32.Bxd5 Ne6 33.Bxb7 Rxc2 34.Bxd6 Rxb2
35.Rf2 Rxf2 36.Kxf2 Ng7 37.Rd2 1-0

[Event "26th Reggio Emilia it"]
[Site "Reggio Emilia ITA"]
[Date "1983.12.30"]
[Round "4"]
[White "Formanek, Edward W"]
[Black "Tatai, Stefano"]
[Result "0-1"]
[WhiteElo "2320"]
[BlackElo "2435"]
[EventDate "1983.12.27"]
[PlyCount "46"]

1.c4 c5 2.Nc3 g6 3.Nf3 Bg7 4.g3 b6 5.Bg2 Bb7 6.O-O Nf6 7.e3 Qc8 8.Qe2 O-O 
9.e4 Nc6 10.d3 Ne8 11.Bg5 Nc7 12.Nd5 Qd8 13.Nxc7 Qxc7 14.Rab1 f5 15.Qd2 e5
16.Bh6 f4 17.Bxg7 Kxg7 18.g4 d6 19.h3 h5 20.gxh5 Rh8 21.hxg6 Bc8 22.d4 
Bxh3 23.d5 Bxg2 0-1

[Event "26th Reggio Emilia it"]
[Site "Reggio Emilia ITA"]
[Date "1983.12.30"]
[Round "4"]
[White "Vukic, Milan"]
[Black "Zichichi, Alvise"]
[Result "1/2-1/2"]
[WhiteElo "2465"]
[BlackElo "2385"]
[EventDate "1983.12.27"]
[PlyCount "41"]

1.Nf3 Nf6 2.c4 e6 3.g3 d5 4.Bg2 dxc4 5.Qa4+ Nbd7 6.Qxc4 c5 7.O-O b6 8.Nc3 
Bb7 9.Rd1 a6 10.Qb3 b5 11.d3 Rc8 12.Bg5 Be7 13.Rac1 O-O 14.Qc2 h6 15.Bxf6 
Nxf6 16.a4 Qb6 17.axb5 axb5 18.Qb3 Rb8 19.Nd2 Bxg2 20.Kxg2 Rfe8 21.Ra1 
1/2-1/2

[Event "26th Reggio Emilia it"]
[Site "Reggio Emilia ITA"]
[Date "1983.12.31"]
[Round "5"]
[White "Hulak, Krunoslav"]
[Black "Gobet, Fernand"]
[Result "1-0"]
[WhiteElo "2515"]
[BlackElo "2410"]
[EventDate "1983.12.27"]
[PlyCount "84"]

1.d4 Nf6 2.c4 e6 3.g3 c5 4.d5 exd5 5.cxd5 d6 6.Nc3 g6 7.Bg2 Bg7 8.Nf3 O-O 
9.O-O Nbd7 10.h3 a6 11.a4 Re8 12.Nd2 Rb8 13.Nc4 Nb6 14.Na3 Bd7 15.e4 Nc8 
16.Qd3 Qc7 17.Be3 c4 18.Nxc4 b5 19.Nd2 bxa4 20.Qxa6 Ng4 21.hxg4 Bxc3 22.
Rfc1 Qa5 23.Qxa5 Bxa5 24.Nc4 Bb4 25.g5 Bb5 26.f3 Re7 27.Bh3 Reb7 28.Bxc8 
Rxc8 29.Nxd6 Rxc1+ 30.Rxc1 Bxd6 31.Rc8+ Kg7 32.Bd4+ f6 33.gxf6+ Kh6 34.e5 
Bb4 35.e6 Ba6 36.Rd8 Rc7 37.Be3+ g5 38.Rg8 Bc5 39.Bxc5 Rxc5 40.f7 Rc1+ 41.
Kf2 Rc2+ 42.Ke3 Rc3+ 1-0

[Event "26th Reggio Emilia it"]
[Site "Reggio Emilia ITA"]
[Date "1983.12.31"]
[Round "5"]
[White "Toth, Bela"]
[Black "Vukic, Milan"]
[Result "0-1"]
[WhiteElo "2375"]
[BlackElo "2465"]
[EventDate "1983.12.27"]
[PlyCount "90"]

1.d4 Nf6 2.c4 g6 3.Nc3 Bg7 4.e4 d6 5.Nf3 O-O 6.Be2 e5 7.O-O Nc6 8.Be3 Ng4 
9.Bg5 f6 10.Bc1 Nh6 11.d5 Ne7 12.Ne1 f5 13.Nd3 f4 14.Bd2 g5 15.h3 Kh8 16.
Rc1 Neg8 17.f3 Nf6 18.c5 Nhg8 19.cxd6 cxd6 20.Nb5 Ne8 21.a4 h5 22.Nf2 Nh6 
23.Qc2 Bd7 24.Qb3 Rf7 25.a5 Bf8 26.Na3 Rg7 27.Bb5 Bxb5 28.Nxb5 Nf6 29.Rc3 
a6 30.Na3 g4 31.fxg4 hxg4 32.hxg4 Nhxg4 33.Rh3+ Kg8 34.Nxg4 Nxg4 35.Rh1 
Rc8 36.Qh3 Qg5 37.Qh8+ Kf7 38.Rh5 Qg6 39.Rf5+ Nf6 40.Qh3 Qg4 41.Qxg4 Rxg4 
42.Bc3 Kg6 43.Re1 Be7 44.Bxe5 dxe5 45.Rxe5 Bxa3 0-1

[Event "26th Reggio Emilia it"]
[Site "Reggio Emilia ITA"]
[Date "1983.12.31"]
[Round "5"]
[White "Zichichi, Alvise"]
[Black "Formanek, Edward W"]
[Result "1-0"]
[WhiteElo "2385"]
[BlackElo "2320"]
[EventDate "1983.12.27"]
[PlyCount "67"]

1.Nf3 d5 2.d4 Nf6 3.c4 dxc4 4.e3 a6 5.a4 Bg4 6.Bxc4 e6 7.h3 Bh5 8.O-O c5 
9.Nc3 cxd4 10.exd4 Qc7 11.Be2 Nc6 12.Be3 Be7 13.d5 Rd8 14.Nd4 Bxe2 15.Qxe2
Nxd5 16.Nxd5 Rxd5 17.Qg4 Nxd4 18.Bxd4 Rg5 19.Qe4 O-O 20.Rac1 Qd7 21.Be5 
Rc8 22.f4 Rg3 23.Rfd1 Rxc1 24.Rxc1 f5 25.Qe2 Bf8 26.Rc7 Qxa4 27.Kh2 Rg6 
28.Rxb7 Qc6 29.Ra7 h6 30.Qf3 Qb6 31.Ra8 Kf7 32.Rb8 Qc5 33.Qb7+ Be7 34.Qd7 
1-0

[Event "26th Reggio Emilia it"]
[Site "Reggio Emilia ITA"]
[Date "1984.01.02"]
[Round "6"]
[White "Rogers, Ian"]
[Black "Tatai, Stefano"]
[Result "1/2-1/2"]
[WhiteElo "2455"]
[BlackElo "2430"]
[EventDate "1983.12.27"]
[PlyCount "78"]

1.d4 Nf6 2.c4 e6 3.g3 c5 4.d5 exd5 5.cxd5 d6 6.Bg2 g6 7.Nf3 Bg7 8.O-O O-O 
9.Nc3 Qe7 10.Re1 Bg4 11.Nd2 Qd7 12.Qa4 Qxa4 13.Nxa4 Na6 14.a3 b5 15.Nc3 
Nc7 16.h3 Bd7 17.Nde4 Nxe4 18.Nxe4 Ne8 19.Bf4 Bxb2 20.Ra2 Bg7 21.Nxd6 Nxd6
22.Bxd6 Rfc8 23.e4 Bc3 24.Rc1 b4 25.Rxc3 bxc3 26.Rc2 c4 27.Rxc3 a5 28.e5 
Ra6 29.Bf1 Rb6 30.Rxc4 Rxc4 31.Bxc4 Bxh3 32.Bc7 Rb1+ 33.Kh2 Bg4 34.e6 Rc1 
35.d6 Rxc4 36.d7 Rd4 37.exf7+ Kxf7 38.d8=Q Rxd8 39.Bxd8 a4 1/2-1/2

[Event "26th Reggio Emilia it"]
[Site "Reggio Emilia ITA"]
[Date "1984.01.03"]
[Round "7"]
[White "Hulak, Krunoslav"]
[Black "Vukic, Milan"]
[Result "1/2-1/2"]
[WhiteElo "2510"]
[BlackElo "2450"]
[EventDate "1983.12.27"]
[PlyCount "31"]

1.g3 Nf6 2.Bg2 g6 3.Nf3 Bg7 4.O-O O-O 5.c4 d6 6.Nc3 e5 7.d3 Nc6 8.Rb1 a5 
9.a3 Nd4 10.Bg5 h6 11.Bxf6 Bxf6 12.b4 axb4 13.axb4 c6 14.b5 Bg7 15.bxc6 
bxc6 16.Nxd4 1/2-1/2

[Event "26th Reggio Emilia it"]
[Site "Reggio Emilia ITA"]
[Date "1984.01.03"]
[Round "7"]
[White "Tatai, Stefano"]
[Black "Mokry, Karel"]
[Result "0-1"]
[WhiteElo "2430"]
[BlackElo "2435"]
[EventDate "1983.12.27"]
[PlyCount "172"]

1.d4 d5 2.c4 c6 3.cxd5 cxd5 4.Nc3 Nf6 5.Bf4 Nc6 6.e3 Bf5 7.Nf3 e6 8.Bb5 
Nd7 9.Qa4 Rc8 10.O-O a6 11.Bxc6 Rxc6 12.Rfc1 Be7 13.Ne2 Qb6 14.Qb3 O-O 15.
Rxc6 bxc6 16.Qxb6 Nxb6 17.Ne5 Rc8 18.g4 Bg6 19.Rc1 c5 20.dxc5 Bxc5 21.Nxg6
hxg6 22.Nd4 Bxd4 23.Rxc8+ Nxc8 24.exd4 Kf8 25.Bd2 Ke8 26.Bb4 Nb6 27.b3 Nd7
28.f3 Kd8 29.Bd6 Kc8 30.Kf2 Kb7 31.Ke3 Kc6 32.Be7 Kc7 33.h4 Kb6 34.f4 Kc7 
35.Kd3 Kc6 36.Kc3 Kb5 37.Kc2 Kc6 38.Kd2 Kb5 39.Ke2 Kc6 40.Kf2 Kb5 41.Kg2 
Kc6 42.Kg1 Kb5 43.Kf1 Kc6 44.Ke1 Kb5 45.Kd1 Kc6 46.Kc1 Kb5 47.Kb2 Kc6 48.
Kc2 Kb5 49.Kd2 Kc6 50.Kd1 Kb5 51.Ke2 Kc6 52.h5 Kb5 53.Kf3 Kc6 54.Kg3 gxh5 
55.gxh5 Kb5 56.Kf2 Kc6 57.Ke2 Kb5 58.Kd2 Kc6 59.Kc3 Kb5 60.a4+ Kc6 61.b4 
Kb6 62.Kd3 Kc6 63.Kc3 Kb6 64.Kb2 Kc6 65.Kb3 Kb6 66.Ka3 Kc6 67.Bd8 Nf8 68.
a5 e5 69.dxe5 Ne6 70.Bg5 Kb5 71.Kb3 Nd4+ 72.Kc3 Nf5 73.Bd8 Ng3 74.Bh4 Ne2+
75.Kd3 Nxf4+ 76.Kd4 Kc6 77.Bf2 Nxh5 78.e6 fxe6 79.Ke5 g5 80.Kxe6 Nf4+ 81.
Kf5 Kb5 82.Bb6 Nd3 83.Kxg5 Nxb4 84.Kf4 Nc6 85.Bc7 Kc4 86.Ke3 Kc3 0-1

[Event "26th Reggio Emilia it"]
[Site "Reggio Emilia ITA"]
[Date "1984.01.03"]
[Round "7"]
[White "Zichichi, Alvise"]
[Black "Rogers, Ian"]
[Result "0-1"]
[WhiteElo "2370"]
[BlackElo "2455"]
[EventDate "1983.12.27"]
[PlyCount "107"]

1.d4 Nf6 2.Nf3 g6 3.Bg5 Bg7 4.Nbd2 d6 5.e4 h6 6.Bh4 O-O 7.c3 Nc6 8.Bb5 Bd7
9.Qe2 a6 10.Bd3 Qe8 11.Bxf6 Bxf6 12.e5 Bg7 13.O-O dxe5 14.dxe5 Be6 15.h3 
Bd5 16.Be4 e6 17.Rfe1 Rd8 18.Bxd5 Rxd5 19.c4 Rd8 20.Nb3 Qe7 21.a3 a5 22.
Qe3 a4 23.Nc5 Nd4 24.Nxd4 Qxc5 25.Nf3 Qc6 26.Qe4 Qc5 27.Rad1 c6 28.h4 Qb6 
29.Qc2 Qa5 30.Qe4 Rxd1 31.Rxd1 Rd8 32.Rxd8+ Qxd8 33.Qc2 Qa5 34.Qe4 Bf8 35.
g3 Bg7 36.Kg2 Qc5 37.Qe2 Kf8 38.Qe4 b6 39.Qe2 Kg8 40.Qe4 b5 41.cxb5 Qxb5 
42.Qd4 Qd5 43.Qe3 c5 44.Qf4 c4 45.Qe3 Bf8 46.g4 Kg7 47.Qf4 Bc5 48.Kg3 Qd3 
49.h5 gxh5 50.Qf6+ Kg8 51.gxh5 Qe2 52.Qd8+ Kh7 53.Qf6 Qxf2+ 54.Kf4 0-1

[Event "26th Reggio Emilia it"]
[Site "Reggio Emilia ITA"]
[Date "1984.01.04"]
[Round "8"]
[White "Formanek, Edward W"]
[Black "Hulak, Krunoslav"]
[Result "0-1"]
[WhiteElo "2325"]
[BlackElo "2510"]
[EventDate "1983.12.27"]
[PlyCount "96"]

1.d4 Nf6 2.c4 e6 3.Nc3 Bb4 4.e3 c5 5.Ne2 d5 6.a3 cxd4 7.Nxd4 Bxc3+ 8.bxc3 
O-O 9.cxd5 Qxd5 10.c4 Qg5 11.h4 Qc5 12.Qc2 e5 13.Nf3 Nc6 14.Bb2 Rd8 15.Nd2
Be6 16.Be2 Rac8 17.Rc1 Na5 18.Nb3 Nxb3 19.Qxb3 Ne4 20.Qb5 Qxb5 21.cxb5 
Rxc1+ 22.Bxc1 Rc8 23.Bb2 f6 24.Bd3 Nc5 25.Bc2 Bc4 26.a4 Bb3 27.Bxb3+ Nxb3 
28.O-O Rc2 29.Ba3 Ra2 30.Bd6 Rxa4 31.h5 Kf7 32.Rb1 Ra1 33.Rxa1 Nxa1 34.Bc5
b6 35.Bd6 Nb3 36.g4 Ke6 37.Bb8 Nc5 38.Kg2 Nd7 39.Bxa7 Kd5 40.Kf3 g5 41.
hxg6 hxg6 42.e4+ Ke6 43.Ke3 Kd6 44.g5 Kc7 45.Kf3 Kb7 46.Bxb6 Kxb6 47.Kg4 
fxg5 48.Kxg5 Nc5 0-1

[Event "26th Reggio Emilia it"]
[Site "Reggio Emilia ITA"]
[Date "1984.01.04"]
[Round "8"]
[White "Rogers, Ian"]
[Black "Toth, Bela"]
[Result "1-0"]
[WhiteElo "2455"]
[BlackElo "2395"]
[EventDate "1983.12.27"]
[PlyCount "53"]

1.d4 Nf6 2.c4 e6 3.g3 d5 4.Bg2 dxc4 5.Nf3 c5 6.O-O Nc6 7.Ne5 Bd7 8.Nxc4 
cxd4 9.Bf4 Be7 10.Nd6+ Kf8 11.Nxb7 Qb6 12.Nd6 Nd5 13.Nc4 Qa6 14.Ne5 Be8 
15.Bxd5 exd5 16.Nxc6 Bxc6 17.Qxd4 Qxe2 18.Nd2 Qe6 19.Rfe1 Qd7 20.Rac1 Rc8 
21.Nb3 Bf6 22.Qc5+ Kg8 23.Na5 g5 24.Nxc6 gxf4 25.Ne7+ Kg7 26.Nxc8 f3 27.
Qe3 1-0

[Event "26th Reggio Emilia it"]
[Site "Reggio Emilia ITA"]
[Date "1984.01.04"]
[Round "8"]
[White "Tatai, Stefano"]
[Black "Zichichi, Alvise"]
[Result "1-0"]
[WhiteElo "2430"]
[BlackElo "2370"]
[EventDate "1983.12.27"]
[PlyCount "57"]

1.Nf3 d5 2.c4 d4 3.g3 c5 4.b4 cxb4 5.a3 bxa3 6.Bxa3 Nc6 7.d3 g6 8.Bg2 Bg7 
9.O-O Nh6 10.Nbd2 O-O 11.Qc2 Nf5 12.Rfb1 Qc7 13.Ne4 h5 14.Ne1 h4 15.Qd1 
hxg3 16.hxg3 Rb8 17.Bc1 e5 18.Qa4 Nfe7 19.Qa3 f6 20.Qd6 Qxd6 21.Nxd6 Rd8 
22.Ba3 Bf8 23.Nxc8 Rdxc8 24.Bd6 Rd8 25.Bxb8 Rxb8 26.Nc2 f5 27.Nb4 Nxb4 28.
Rxb4 b6 29.Rb5 1-0

[Event "26th Reggio Emilia it"]
[Site "Reggio Emilia ITA"]
[Date "1984.01.04"]
[Round "8"]
[White "Vukic, Milan"]
[Black "Gobet, Fernand"]
[Result "1-0"]
[WhiteElo "2450"]
[BlackElo "2380"]
[EventDate "1983.12.27"]
[PlyCount "75"]

1.Nf3 d5 2.c4 d4 3.g3 g6 4.d3 Bg7 5.Bg2 Nf6 6.O-O O-O 7.b4 c5 8.a3 Re8 9.
Nbd2 e5 10.Ne1 Nc6 11.Rb1 Qe7 12.bxc5 Nd7 13.Ne4 Nxc5 14.Nxc5 Qxc5 15.Qa4 
a6 16.Bd2 Qe7 17.Nc2 Bg4 18.Rfe1 Rab8 19.Nb4 Nxb4 20.Bxb4 Qf6 21.Bxb7 h5 
22.Qxa6 Re6 23.Qa4 Rxb7 24.Qa8+ Kh7 25.Qxb7 e4 26.dxe4 Bxe2 27.Rxe2 Qf3 
28.Rbe1 h4 29.Qd5 Re5 30.Re3 dxe3 31.Rxe3 Qg4 32.Qxf7 Rxe4 33.Rxe4 Qxe4 
34.Bc3 Qb1+ 35.Kg2 h3+ 36.Kxh3 Qf1+ 37.Kg4 Qe2+ 38.f3 1-0

[Event "26th Reggio Emilia it"]
[Site "Reggio Emilia ITA"]
[Date "1984.01.05"]
[Round "9"]
[White "Gobet, Fernand"]
[Black "Formanek, Edward W"]
[Result "1/2-1/2"]
[WhiteElo "2380"]
[BlackElo "2325"]
[EventDate "1983.12.27"]
[PlyCount "113"]

1.e4 e5 2.Nf3 Nc6 3.Bb5 d6 4.d4 Bd7 5.Nc3 exd4 6.Nxd4 g6 7.Be3 Bg7 8.Qd2 
Nf6 9.Bxc6 bxc6 10.Bh6 O-O 11.Bxg7 Kxg7 12.O-O-O Re8 13.f3 Qb8 14.h4 Qb4 
15.h5 Rab8 16.Nb3 Nxh5 17.g4 Nf6 18.Qh6+ Kg8 19.Rd4 Qb6 20.e5 Rxe5 21.Ne4 
Nxe4 22.Rxe4 Rxe4 23.fxe4 Be6 24.e5 c5 25.Qxh7+ Kf8 26.Qh4 Ke8 27.Qf6 Kd7 
28.exd6 cxd6 29.Re1 Qb4 30.Rd1 c4 31.Nd2 c3 32.Nb3 cxb2+ 33.Kxb2 Qxg4 34.
Kc1 Qb4 35.Rd4 Qe1+ 36.Rd1 Qe3+ 37.Rd2 Rb5 38.Qf1 Qb6 39.Qg2 a5 40.Qa8 Rb4
41.Rd3 a4 42.a3 Rc4 43.Nd2 Rc7 44.Nf3 Ke7 45.Qxa4 Bf5 46.Qh4+ Kf8 47.Qh8+ 
Ke7 48.Qh4+ Kd7 49.Ne5+ Ke6 50.Nc4 Qg1+ 51.Rd1 Qc5 52.Rxd6+ Qxd6 53.Nxd6 
Rxc2+ 54.Kd1 Kxd6 55.a4 Rc6 56.a5 Kc7 57.Qe7+ 1/2-1/2

[Event "26th Reggio Emilia it"]
[Site "Reggio Emilia ITA"]
[Date "1984.01.05"]
[Round "9"]
[White "Toth, Bela"]
[Black "Tatai, Stefano"]
[Result "1-0"]
[WhiteElo "2395"]
[BlackElo "2430"]
[EventDate "1983.12.27"]
[PlyCount "69"]

1.d4 Nf6 2.c4 e6 3.Nc3 d5 4.cxd5 exd5 5.Bg5 c6 6.e3 Be7 7.Qc2 O-O 8.Bd3 
Nbd7 9.Nf3 Re8 10.O-O Nf8 11.Rab1 a5 12.a3 Be6 13.Rfc1 N6d7 14.Bxe7 Qxe7 
15.Na4 Bg4 16.Nd2 Qg5 17.Nf1 h5 18.f4 Qf6 19.h3 Rxe3 20.Nxe3 Qxd4 21.Re1 
Re8 22.Qf2 Qxd3 23.hxg4 d4 24.Nc2 Rxe1+ 25.Rxe1 Qb3 26.Nxd4 Qxa4 27.gxh5 
Nf6 28.Nf5 Ne6 29.h6 Ng4 30.Qg3 Qxf4 31.Qxf4 Nxf4 32.Re8+ Kh7 33.hxg7 Nf6 
34.Rh8+ Kg6 35.Rh6+ 1-0

[Event "26th Reggio Emilia it"]
[Site "Reggio Emilia ITA"]
[Date "1984.01.05"]
[Round "9"]
[White "Zichichi, Alvise"]
[Black "Mokry, Karel"]
[Result "1/2-1/2"]
[WhiteElo "2370"]
[BlackElo "2435"]
[EventDate "1983.12.27"]
[PlyCount "24"]

1.d4 d5 2.Nf3 Nf6 3.e3 Bf5 4.c4 c6 5.Nbd2 e6 6.Be2 h6 7.b3 Nbd7 8.Bb2 Ne4 
9.O-O Be7 10.Nxe4 Bxe4 11.Nd2 Bh7 12.Bf3 Nf6 1/2-1/2

[Event "26th Reggio Emilia it"]
[Site "Reggio Emilia ITA"]
[Date "1984.01.06"]
[Round "10"]
[White "Mokry, Karel"]
[Black "Vukic, Milan"]
[Result "1/2-1/2"]
[WhiteElo "2435"]
[BlackElo "2450"]
[EventDate "1983.12.27"]
[PlyCount "20"]

1.e4 c5 2.Nf3 e6 3.d4 cxd4 4.Nxd4 Nf6 5.Nc3 Nc6 6.Ndb5 d6 7.Bf4 e5 8.Bg5 
a6 9.Na3 Be7 10.Bxf6 Bxf6 1/2-1/2

[Event "26th Reggio Emilia it"]
[Site "Reggio Emilia ITA"]
[Date "1984.01.06"]
[Round "10"]
[White "Zichichi, Alvise"]
[Black "Toth, Bela"]
[Result "1/2-1/2"]
[WhiteElo "2370"]
[BlackElo "2395"]
[EventDate "1983.12.27"]
[PlyCount "21"]

1.d4 d5 2.Nf3 Nf6 3.c4 c6 4.cxd5 cxd5 5.Nc3 Nc6 6.Bf4 e6 7.e3 Bd6 8.Bg3 
Bxg3 9.hxg3 Bd7 10.Bd3 Rc8 11.Rc1 1/2-1/2

[Event "26th Reggio Emilia it"]
[Site "Reggio Emilia ITA"]
[Date "1984.01.08"]
[Round "11"]
[White "Gobet, Fernand"]
[Black "Rogers, Ian"]
[Result "0-1"]
[WhiteElo "2380"]
[BlackElo "2455"]
[EventDate "1983.12.27"]
[PlyCount "146"]

1.e4 d5 2.exd5 Qxd5 3.Nc3 Qa5 4.d4 Nf6 5.Nf3 c6 6.Bd2 Bg4 7.h3 Bh5 8.g4 
Bg6 9.Ne5 Nbd7 10.Nxg6 hxg6 11.Bc4 e6 12.Qe2 Bb4 13.O-O-O O-O-O 14.a3 Bxc3
15.Bxc3 Qc7 16.Qf3 Nb6 17.Bb3 g5 18.Bd2 Rxd4 19.Bxg5 Rxd1+ 20.Rxd1 Qe5 21.
Bf4 Qe4 22.Qg3 Rd8 23.Rxd8+ Kxd8 24.f3 Qe2 25.Kb1 Qf1+ 26.Ka2 Nfd5 27.Bg5+
f6 28.Qd6+ Nd7 29.Bd2 Qd1 30.Bb4 Qd4 31.Qxe6 Nxb4+ 32.axb4 Qxb4 33.c3 Qe7 
34.Qc4 g5 35.f4 Kc7 36.fxg5 fxg5 37.Bc2 Qc5 38.Qf1 Kb6 39.Kb1 a5 40.Qf7 
Ne5 41.Qf6 Nc4 42.Bd3 Ne3 43.Qf2 Nd5 44.Qxc5+ Kxc5 45.Kc2 Kd6 46.Kd2 Ke5 
47.Bf1 Nb6 48.Kd3 Nc8 49.Bg2 Nd6 50.b3 c5 51.Ke3 b6 52.Bc6 b5 53.Bd7 c4 
54.bxc4 Nxc4+ 55.Kd3 Nd6 56.Bc6 a4 57.Kc2 Kf4 58.Kc1 Kg3 59.c4 bxc4 60.
Bxa4 Kxh3 61.Bd7 Kg3 62.Kc2 Kf4 63.Kc3 Ke4 64.Be6 Ke5 65.Bg8 Kf4 66.Be6 
Ke4 67.Bg8 Ke5 68.Bh7 Kf4 69.Kd4 Kxg4 70.Kd5 Kf4 71.Kd4 g4 72.Bg8 Kf3 73.
Bd5+ Kf2 0-1

[Event "26th Reggio Emilia it"]
[Site "Reggio Emilia ITA"]
[Date "1984.01.08"]
[Round "11"]
[White "Hulak, Krunoslav"]
[Black "Tatai, Stefano"]
[Result "1/2-1/2"]
[WhiteElo "2510"]
[BlackElo "2430"]
[EventDate "1983.12.27"]
[PlyCount "69"]

1.c4 c5 2.Nc3 g6 3.g3 Bg7 4.Bg2 Nc6 5.e3 b6 6.Nge2 Bb7 7.O-O Na5 8.Bxb7 
Nxb7 9.d4 Nd6 10.b3 h5 11.e4 h4 12.Be3 Rc8 13.Qd2 Nf6 14.f3 Nb7 15.d5 e5 
16.Bg5 hxg3 17.hxg3 Nd6 18.Kg2 Kf8 19.Rh1 Rxh1 20.Rxh1 Kg8 21.Nc1 Qf8 22.
Nd3 Re8 23.a4 Nh7 24.Nb5 f5 25.Nf2 a5 26.Nxd6 Qxd6 27.Bh6 Re7 28.Bxg7 Rxg7
29.Qh6 Qf6 30.exf5 gxf5 31.Rh5 Qf7 32.Rh3 Qf6 33.Rh5 Qf7 34.Rh3 Qf6 35.Rh5
1/2-1/2

[Event "26th Reggio Emilia it"]
[Site "Reggio Emilia ITA"]
[Date "1984.01.08"]
[Round "11"]
[White "Spassky, Boris"]
[Black "Nunn, John"]
[Result "1/2-1/2"]
[WhiteElo "2615"]
[BlackElo "2600"]
[EventDate "1983.12.27"]
[PlyCount "35"]

1.e4 d6 2.d4 Nf6 3.Nc3 g6 4.Nf3 Bg7 5.Be2 O-O 6.O-O Bg4 7.Be3 Nc6 8.Qd2 e5
9.dxe5 dxe5 10.Rad1 Qc8 11.h3 Rd8 12.Qc1 Bxf3 13.Bxf3 Nd4 14.Bxd4 exd4 15.
Nd5 Nxd5 16.exd5 Qf5 17.Rfe1 Re8 18.Qd2 1/2-1/2

[Event "26th Reggio Emilia it"]
[Site "Reggio Emilia ITA"]
[Date "1984.01.08"]
[Round "11"]
[White "Toth, Bela"]
[Black "Mokry, Karel"]
[Result "1/2-1/2"]
[WhiteElo "2395"]
[BlackElo "2435"]
[EventDate "1983.12.27"]
[PlyCount "78"]

1.d4 d5 2.c4 c6 3.Nc3 Nf6 4.e3 Bf5 5.cxd5 cxd5 6.Qb3 Bc8 7.Nf3 e6 8.Ne5 
Be7 9.Bd3 O-O 10.O-O b6 11.Bd2 Nfd7 12.Nf3 Bb7 13.Rfc1 Nc6 14.a3 Rc8 15.
Qa2 a6 16.b3 f5 17.Rc2 Bd6 18.Rac1 Qe7 19.Nb1 Na7 20.Be2 Rxc2 21.Rxc2 Rc8 
22.Rxc8+ Bxc8 23.Ne1 Nb8 24.Nd3 Qc7 25.h3 a5 26.b4 axb4 27.Bxb4 Ba6 28.
Bxd6 Qxd6 29.Nc3 Bc4 30.Qb2 Nd7 31.Nb4 Qc7 32.Bd1 Nc8 33.Ba4 Nd6 34.Qc2 
Nf6 35.Ne2 b5 36.Bb3 Qa5 37.Nf4 Qxa3 38.Bxc4 Nxc4 39.Nc6 Qd6 1/2-1/2